[Event "Huddersfield 4NCL Open"]
[Site "Huddersfield"]
[Date "2025.01.17"]
[Round "1.21"]
[White "Gunarathne, Senith"]
[Black "Quaite, Toby"]
[Result "1/2-1/2"]
[WhiteElo "1922"]
[BlackElo "2094"]
[PlyCount "116"]
[EventDate "2025.01.17"]
[EventType "swiss"]
[EventRounds "5"]
[EventCountry "ENG"]
[SourceTitle "BritBase"]
[Source "John Saunders"]
[SourceDate "2025.09.16"]
[SourceVersion "1"]
[SourceVersionDate "2025.09.16"]
[SourceQuality "1"]

1. e4 Nf6 2. Nc3 e5 3. Nf3 Nc6 4. Bc4 Nxe4 5. Nxe4 d5 6. Bd3 dxe4 7. Bxe4 Bd6 8. O-O O-O 9. d3 Ne7 10. Bg5 h6 11. Bh4 c6 12. d4 exd4 13. Qd2 d3 14. Qxd3 f5 15. Qd4 Bf4 16. Bd3 Bxh2+ 17. Kxh2 Qxd4 18. Nxd4 g5 19. Bc4+ Kg7 20. Rfe1 Ng6 21. Be6 gxh4 22. Bxc8 Rfxc8 23. Nxf5+ Kh7 24. Ne7 Rc7 25. Nxg6 Kxg6 26. Re6+ Kg7 27. Rae1 Rf8 28. Re7+ Rf7 29. Rxc7 Rxc7 30. Kh3 Rd7 31. Re2 Kf6 32. Kxh4 Rd1 33. f3 Rd4+ 34. g4 Rd1 35. Kg3 Rg1+ 36. Kf4 Rd1 37. c3 Ra1 38. a3 Rd1 39. Rh2 Kg6 40. Ke5 Re1+ 41. Kd6 Rf1 42. Kc7 Rxf3 43. Kxb7 Rg3 44. a4 Rxg4 45. a5 Rg5 46. a6 Rb5+ 47. Kxa7 h5 48. b4 c5 49. Ka8 cxb4 50. c4 Rb6 51. a7 b3 52. Rb2 Kf6 53. c5 Rb4 54. c6 Ke7 55. Rd2 b2 56. c7 b1=Q 57. Rd7+ Kxd7 58. c8=Q+ Kxc8 1/2-1/2

[Event "Huddersfield 4NCL Open"]
[Site "Huddersfield"]
[Date "2025.01.17"]
[Round "1.22"]
[White "Ackley, Peter"]
[Black "Waterfield, Mark B"]
[Result "1/2-1/2"]
[WhiteElo "2093"]
[BlackElo "1917"]
[PlyCount "58"]
[EventDate "2025.01.17"]
[EventType "swiss"]
[EventRounds "5"]
[EventCountry "ENG"]
[SourceTitle "BritBase"]
[Source "John Saunders"]
[SourceDate "2025.09.16"]
[SourceVersion "1"]
[SourceVersionDate "2025.09.16"]
[SourceQuality "1"]

1. c4 e5 2. Nc3 Nf6 3. Nf3 Nc6 4. g3 d5 5. cxd5 Nxd5 6. Bg2 Bc5 7. O-O O-O 8. d3 h6 9. Bd2 Nf6 10. Rc1 Re8 11. Na4 Bf8 12. Be3 Nd4 13. Bxd4 exd4 14. Rc4 c5 15. Nxc5 Qa5 16. b4 Qxa2 17. Nxd4 Rb8 18. Qa1 Qxa1 19. Rxa1 a6 20. e3 Nd7 21. Nxd7 Bxd7 22. Rc7 Bc8 23. b5 Bd6 24. Rc4 Be5 25. Rb1 Bd7 26. bxa6 bxa6 27. Rcb4 Rxb4 28. Rxb4 a5 29. Rb7 Bc8 1/2-1/2

[Event "Huddersfield 4NCL Open"]
[Site "Huddersfield"]
[Date "2025.01.17"]
[Round "1.23"]
[White "Graham, Oliver"]
[Black "Zhu, Yaoyao"]
[Result "0-1"]
[WhiteElo "1878"]
[BlackElo "2091"]
[PlyCount "106"]
[EventDate "2025.01.17"]
[EventType "swiss"]
[EventRounds "5"]
[EventCountry "ENG"]
[SourceTitle "BritBase"]
[Source "John Saunders"]
[SourceDate "2025.09.16"]
[SourceVersion "1"]
[SourceVersionDate "2025.09.16"]
[SourceQuality "1"]

1. e4 e5 2. Nf3 Nc6 3. Bc4 Nf6 4. d3 Bc5 5. a3 a5 6. Nc3 h6 7. O-O d6 8. Be3 Bxe3 9. fxe3 O-O 10. Qe1 Be6 11. Bd5 Bxd5 12. exd5 Ne7 13. e4 c6 14. dxc6 bxc6 15. b3 Ng6 16. g3 Ng4 17. Qd2 Qb6+ 18. Kh1 f5 19. Rae1 f4 20. Nd1 fxg3 21. hxg3 d5 22. d4 dxe4 23. Rxe4 Nf6 24. Ree1 Rad8 25. Qc3 exd4 26. Qc4+ Kh7 27. Re6 Qb5 28. Qxb5 cxb5 29. Kg2 d3 30. cxd3 Rxd3 31. Ra6 Rxb3 32. Rxa5 Rd8 33. Nf2 Nd5 34. Rc1 Ne3+ 35. Kh3 Nc4 36. Rxc4 bxc4 37. Kg2 c3 38. Rc5 Rxa3 39. Rc6 Ne7 40. Rc5 Nd5 41. Ne1 Ne3+ 42. Kf3 Nd1 43. Nfd3 Nb2 44. Ke2 Nxd3 45. Nxd3 c2 46. Nc1 Rxg3 47. Kf2 Rh3 48. Kg2 Ra3 49. Rxc2 Rda8 50. Rd2 Ra1 51. Rc2 R1a3 52. Kh2 h5 53. Kg2 Kh6 0-1

[Event "Huddersfield 4NCL Open"]
[Site "Huddersfield"]
[Date "2025.01.18"]
[Round "2.1"]
[White "Gormally, Daniel W"]
[Black "Astrom, Lars"]
[Result "1-0"]
[WhiteElo "2468"]
[BlackElo "2207"]
[PlyCount "41"]
[EventDate "2025.01.17"]
[EventType "swiss"]
[EventRounds "5"]
[EventCountry "ENG"]
[SourceTitle "BritBase"]
[Source "John Saunders"]
[SourceDate "2025.09.16"]
[SourceVersion "1"]
[SourceVersionDate "2025.09.16"]
[SourceQuality "1"]

1. d4 d5 2. c4 c6 3. Nf3 Nf6 4. Nc3 dxc4 5. a4 e6 6. e4 Bb4 7. Qc2 b5 8. Be2 Bb7 9. O-O a6 10. Bd2 h6 11. e5 Nd5 12. Qe4 Bxc3 13. bxc3 c5 14. Qg4 g6 15. Rfb1 cxd4 16. Nxd4 b4 17. Bxc4 bxc3 18. Rxb7 cxd2 19. Nxe6 h5 20. Qf3 fxe6 21. Qf7# 1-0

[Event "Huddersfield 4NCL Open"]
[Site "Huddersfield"]
[Date "2025.01.18"]
[Round "2.2"]
[White "Burnett, Andrew"]
[Black "Kanyamarala, Tarun"]
[Result "0-1"]
[WhiteElo "2206"]
[BlackElo "2451"]
[PlyCount "84"]
[EventDate "2025.01.17"]
[EventType "swiss"]
[EventRounds "5"]
[EventCountry "ENG"]
[SourceTitle "BritBase"]
[Source "John Saunders"]
[SourceDate "2025.09.16"]
[SourceVersion "1"]
[SourceVersionDate "2025.09.16"]
[SourceQuality "1"]

1. e4 c5 2. Nc3 e6 3. Nf3 Nc6 4. Bb5 Nd4 5. O-O a6 6. Bd3 Nc6 7. b3 d5 8. exd5 exd5 9. Re1+ Be7 10. h3 Nf6 11. Ne5 Nxe5 12. Rxe5 O-O 13. a4 Bd6 14. Re1 Bc7 15. Bf1 Qd6 16. g3 h5 17. d4 Ba5 18. Bd2 cxd4 19. Ne2 Bb6 20. a5 Bc5 21. Bf4 Qd8 22. Nxd4 Ne4 23. Bg2 h4 24. g4 Nxf2 25. Qd2 Ne4 26. Bxe4 dxe4 27. Be3 f5 28. Qc3 Bxd4 29. Qxd4 Qc7 30. Bf2 fxg4 31. hxg4 Bxg4 32. Rxe4 Bf3 33. Rxh4 Qf7 34. Bg3 Qg6 35. Qf2 Rae8 36. Re1 Rxe1+ 37. Qxe1 Rd8 38. Qe5 Re8 39. Qc7 Bc6 40. Qf4 Re1+ 41. Kf2 Re4 42. Qb8+ Re8 0-1

[Event "Huddersfield 4NCL Open"]
[Site "Huddersfield"]
[Date "2025.01.18"]
[Round "2.3"]
[White "Chan, Sheng Liang Bernard"]
[Black "Wells, Peter K"]
[Result "1/2-1/2"]
[WhiteElo "2178"]
[BlackElo "2443"]
[PlyCount "38"]
[EventDate "2025.01.17"]
[EventType "swiss"]
[EventRounds "5"]
[EventCountry "ENG"]
[SourceTitle "BritBase"]
[Source "John Saunders"]
[SourceDate "2025.09.16"]
[SourceVersion "1"]
[SourceVersionDate "2025.09.16"]
[SourceQuality "1"]

1. e4 c5 2. Nf3 d6 3. d4 cxd4 4. Nxd4 Nf6 5. Nc3 a6 6. Be2 e5 7. Nf3 h6 8. O-O Be7 9. Re1 O-O 10. Nd2 Nc6 11. Nf1 b5 12. a3 Nd4 13. Ne3 Nxe2+ 14. Rxe2 Be6 15. h3 Rc8 16. Ned5 Nxd5 17. Nxd5 f5 18. exf5 Rxf5 19. Be3 Bf8 1/2-1/2

[Event "Huddersfield 4NCL Open"]
[Site "Huddersfield"]
[Date "2025.01.18"]
[Round "2.4"]
[White "Davies, Nigel R"]
[Black "Larchikov, Maksym"]
[Result "1/2-1/2"]
[WhiteElo "2376"]
[BlackElo "2187"]
[PlyCount "55"]
[EventDate "2025.01.17"]
[EventType "swiss"]
[EventRounds "5"]
[EventCountry "ENG"]
[SourceTitle "BritBase"]
[Source "John Saunders"]
[SourceDate "2025.09.16"]
[SourceVersion "1"]
[SourceVersionDate "2025.09.16"]
[SourceQuality "1"]

1. c4 e6 2. Nf3 d5 3. g3 Nf6 4. Bg2 Be7 5. O-O O-O 6. b3 c5 7. cxd5 Nxd5 8. Bb2 Nc6 9. d4 cxd4 10. Nxd4 Nxd4 11. Qxd4 Bf6 12. Qd2 Bxb2 13. Qxb2 Qf6 14. Qxf6 Nxf6 15. Nc3 Rb8 16. Rfd1 b5 17. Ne4 Nxe4 18. Bxe4 Bb7 19. Bxb7 Rxb7 20. Rac1 Rfb8 21. f4 h5 22. Kf2 g6 23. Ke3 Kg7 24. Rc5 Rb6 25. Rd7 R8b7 26. Rxb7 Rxb7 27. Rc6 Kf6 28. b4 1/2-1/2

[Event "Huddersfield 4NCL Open"]
[Site "Huddersfield"]
[Date "2025.01.18"]
[Round "2.5"]
[White "Badacsonyi, Frankie"]
[Black "McLean, Robert"]
[Result "1/2-1/2"]
[WhiteElo "2308"]
[BlackElo "2156"]
[PlyCount "118"]
[EventDate "2025.01.17"]
[EventType "swiss"]
[EventRounds "5"]
[EventCountry "ENG"]
[SourceTitle "BritBase"]
[Source "John Saunders"]
[SourceDate "2025.09.16"]
[SourceVersion "1"]
[SourceVersionDate "2025.09.16"]
[SourceQuality "1"]

1. c4 e6 2. g3 d5 3. Bg2 dxc4 4. Qa4+ Nd7 5. Qxc4 a6 6. Qc2 Ngf6 7. Nf3 Rb8 8. d4 b5 9. O-O Bb7 10. Bg5 c5 11. dxc5 Bxc5 12. Nbd2 Rc8 13. Qd3 Qb6 14. Nb3 h6 15. Bxf6 Nxf6 16. Rac1 O-O 17. Nxc5 Rxc5 18. Qd4 Rfc8 19. b4 R5c6 20. Qxb6 Rxb6 21. Rxc8+ Bxc8 22. Rc1 Bb7 23. Ne5 Bxg2 24. Kxg2 Nd5 25. Rc8+ Kh7 26. a3 Rb7 27. Ra8 f6 28. Nd3 Rb6 29. Nc5 Nc7 30. Rc8 Rc6 31. Nxe6 Rxe6 32. Rxc7 Rxe2 33. Rc6 Ra2 34. Rxa6 Kg6 35. Ra7 h5 36. Kf3 Kf5 37. h3 g5 38. Ra5 Ke6 39. Ke3 Kd6 40. Rxb5 Rxa3+ 41. Ke4 h4 42. gxh4 gxh4 43. Rf5 Rxh3 44. Rxf6+ Ke7 45. Rf3 Rh1 46. Rf4 Rb1 47. Kf3 Rb3+ 48. Kg2 h3+ 49. Kh2 Ke6 50. f3 Ke5 51. Re4+ Kf5 52. Kg3 h2 53. Rh4 h1=Q 54. Rxh1 Rxb4 55. Rh6 Ra4 56. Rb6 Rc4 57. Ra6 Rb4 58. Ra5+ Kf6 59. f4 Rb1 1/2-1/2

[Event "Huddersfield 4NCL Open"]
[Site "Huddersfield"]
[Date "2025.01.18"]
[Round "2.6"]
[White "Varley, Joe"]
[Black "Sowray, Peter J"]
[Result "0-1"]
[WhiteElo "2127"]
[BlackElo "2281"]
[PlyCount "126"]
[EventDate "2025.01.17"]
[EventType "swiss"]
[EventRounds "5"]
[EventCountry "ENG"]
[SourceTitle "BritBase"]
[Source "John Saunders"]
[SourceDate "2025.09.16"]
[SourceVersion "1"]
[SourceVersionDate "2025.09.16"]
[SourceQuality "1"]

1. e4 c5 2. Nf3 d6 3. Bc4 Nf6 4. d3 Nc6 5. c3 g6 6. O-O Bg7 7. Bb3 O-O 8. Re1 e5 9. Nbd2 h6 10. Nf1 d5 11. Ng3 Be6 12. Be3 Qe7 13. exd5 Nxd5 14. Bxd5 Bxd5 15. d4 cxd4 16. cxd4 e4 17. Bf4 f5 18. Ne5 Nxe5 19. Bxe5 Bxe5 20. dxe5 Qxe5 21. f3 e3 22. f4 Qe6 23. Nf1 Qe4 24. Nxe3 Bc6 25. Qb3+ Rf7 26. Qc4 Re8 27. Rad1 g5 28. fxg5 hxg5 29. Rd4 Qe6 30. Nc2 Qxc4 31. Rxe8+ Bxe8 32. Rxc4 Rd7 33. Rd4 Kf7 34. Rxd7+ Bxd7 35. Kf2 Kf6 36. Ke3 f4+ 37. Ke2 Ke5 38. g3 Bg4+ 39. Kf2 Ke4 40. Ne1 Bd1 41. gxf4 gxf4 42. h4 Bh5 43. Ng2 a5 44. Ne1 b5 45. Nc2 b4 46. Ne1 Bd1 47. Ng2 Bg4 48. Ne1 Be6 49. b3 Bg4 50. Ng2 Bh5 51. Ne1 Bd1 52. Kf1 Kd4 53. Ng2 f3 54. Nf4 Bxb3 55. axb3 a4 56. Ne6+ Kc3 57. bxa4 b3 58. Nc5 b2 59. Ne4+ Kc2 60. Kf2 b1=Q 61. Ng5 Qb4 62. Nxf3 Qxa4 63. Ke3 Qg4 0-1

[Event "Huddersfield 4NCL Open"]
[Site "Huddersfield"]
[Date "2025.01.18"]
[Round "2.7"]
[White "Zhu, Yaoyao"]
[Black "Raju, Sooraj Menothuparam"]
[Result "0-1"]
[WhiteElo "2091"]
[BlackElo "2270"]
[PlyCount "50"]
[EventDate "2025.01.17"]
[EventType "swiss"]
[EventRounds "5"]
[EventCountry "ENG"]
[SourceTitle "BritBase"]
[Source "John Saunders"]
[SourceDate "2025.09.16"]
[SourceVersion "1"]
[SourceVersionDate "2025.09.16"]
[SourceQuality "1"]

1. e4 Nf6 2. e5 Nd5 3. c4 Nb6 4. d4 d6 5. f4 dxe5 6. fxe5 Bf5 7. Nc3 e6 8. Nf3 Bb4 9. Be3 c5 10. d5 exd5 11. cxd5 Qxd5 12. Bb5+ Bd7 13. O-O Bxc3 14. Bxd7+ N8xd7 15. bxc3 Qxd1 16. Rfxd1 h6 17. a4 Nc4 18. Bf2 b6 19. Rd5 O-O-O 20. Rad1 Ndxe5 21. Bxc5 Nxf3+ 22. gxf3 Nb2 23. Rxd8+ Rxd8 24. Rb1 Nc4 25. Bd4 Nd2 0-1

[Event "Huddersfield 4NCL Open"]
[Site "Huddersfield"]
[Date "2025.01.18"]
[Round "2.8"]
[White "Okhai, Shabir"]
[Black "Ashton, Alannah"]
[Result "1-0"]
[WhiteElo "2265"]
[BlackElo "2100"]
[PlyCount "137"]
[EventDate "2025.01.17"]
[EventType "swiss"]
[EventRounds "5"]
[EventCountry "ENG"]
[SourceTitle "BritBase"]
[Source "John Saunders"]
[SourceDate "2025.09.16"]
[SourceVersion "1"]
[SourceVersionDate "2025.09.16"]
[SourceQuality "1"]

1. e4 c5 2. Nf3 d6 3. Bb5+ Nd7 4. c4 Ngf6 5. Nc3 g6 6. h3 Bg7 7. d3 O-O 8. Ba4 Ne5 9. Nxe5 dxe5 10. Be3 b6 11. Qd2 a6 12. g4 Qd6 13. f3 Rd8 14. Bc2 Bb7 15. Qf2 Nd7 16. h4 h6 17. a3 Bc6 18. g5 h5 19. Rb1 Nf8 20. Nd5 Bxd5 21. cxd5 e6 22. Bb3 Rac8 23. O-O exd5 24. Bxd5 Ne6 25. f4 exf4 26. Bxf4 Qd7 27. Be3 Rf8 28. Qe2 Be5 29. Kg2 Kg7 30. Rf2 Qd6 31. Rf3 f5 32. Rbf1 f4 33. Bxe6 Qxe6 34. Bf2 Qg4+ 35. Kh1 Rcd8 36. Rg1 Qe6 37. Qc2 Rd7 38. Be1 Bd4 39. Rg2 b5 40. b3 Kh7 41. Bd2 Qe5 42. Bc1 c4 43. bxc4 bxc4 44. dxc4 Re7 45. Bb2 Bxb2 46. Qxb2 Qxe4 47. Qc3 Rc8 48. c5 Qd5 49. Rxf4 Rxc5 50. Qd4 Qxd4 51. Rxd4 Ra5 52. a4 Re1+ 53. Kh2 Rae5 54. Rc2 R1e2+ 55. Rxe2 Rxe2+ 56. Kg3 Re3+ 57. Kf4 Re6 58. Re4 Rb6 59. Re7+ Kg8 60. Ke5 Rb4 61. Kf6 Rxh4 62. Kxg6 Kf8 63. Ra7 Rxa4 64. Kh7 Rg4 65. g6 h4 66. g7+ Rxg7+ 67. Rxg7 h3 68. Rg3 h2 69. Rh3 1-0

[Event "Huddersfield 4NCL Open"]
[Site "Huddersfield"]
[Date "2025.01.18"]
[Round "2.9"]
[White "Sharma, Devesh"]
[Black "Townsend, M Paul"]
[Result "0-1"]
[WhiteElo "1780"]
[BlackElo "2257"]
[PlyCount "144"]
[EventDate "2025.01.17"]
[EventType "swiss"]
[EventRounds "5"]
[EventCountry "ENG"]
[SourceTitle "BritBase"]
[Source "John Saunders"]
[SourceDate "2025.09.16"]
[SourceVersion "1"]
[SourceVersionDate "2025.09.16"]
[SourceQuality "1"]

1. e4 e6 2. d4 d5 3. e5 c5 4. c3 Bd7 5. Nf3 Nc6 6. Bd3 cxd4 7. O-O dxc3 8. Nxc3 Nge7 9. Bf4 Ng6 10. Bg3 Be7 11. a3 O-O 12. Qb1 Rc8 13. h4 Nxh4 14. Bxh7+ Kh8 15. Bxh4 Bxh4 16. g3 Be7 17. Kg2 g5 18. Rh1 Kg7 19. Qg1 g4 20. Qd1 Bg5 21. Bc2 Rh8 22. Rxh8 Kxh8 23. Qh1+ Kg7 24. Qh7+ Kf8 25. Qh8+ Ke7 26. Qxd8+ Nxd8 27. Nxg5 d4 28. Nge4 dxc3 29. Nxc3 Rc5 30. Bd1 Nc6 31. Bxg4 Nxe5 32. Be2 Bc6+ 33. f3 Nc4 34. Bxc4 Rxc4 35. Rd1 Rc5 36. g4 Rg5 37. Kg3 f5 38. b4 fxg4 39. fxg4 b6 40. Kf4 Rg7 41. b5 Bb7 42. Rd4 Kf6 43. Ne4+ Bxe4 44. Rxe4 e5+ 45. Kf3 Rc7 46. a4 Rc1 47. a5 Rb1 48. axb6 axb6 49. Rc4 Rxb5 50. Ke4 Kg5 51. Kf3 Rc5 52. Rb4 b5 53. Ke3 Kf6 54. Rb3 Ke6 55. Ke4 Rc4+ 56. Kd3 e4+ 57. Ke2 b4 58. Rb2 Ke5 59. g5 Kf5 60. g6 Kxg6 61. Ke3 Kf5 62. Rh2 Rc3+ 63. Kd4 Rd3+ 64. Kc4 b3 65. Rf2+ Kg4 66. Rf8 b2 67. Rb8 Rd2 68. Kc3 e3 69. Rg8+ Kf3 70. Rf8+ Ke2 71. Rb8 Kd1 72. Rh8 e2 0-1

[Event "Huddersfield 4NCL Open"]
[Site "Huddersfield"]
[Date "2025.01.18"]
[Round "2.10"]
[White "Mikalajunas, Kajus"]
[Black "Ganti, Shriaansh"]
[Result "1/2-1/2"]
[WhiteElo "2214"]
[BlackElo "2036"]
[PlyCount "61"]
[EventDate "2025.01.17"]
[EventType "swiss"]
[EventRounds "5"]
[EventCountry "ENG"]
[SourceTitle "BritBase"]
[Source "John Saunders"]
[SourceDate "2025.09.16"]
[SourceVersion "1"]
[SourceVersionDate "2025.09.16"]
[SourceQuality "1"]

1. Nf3 d5 2. g3 Nc6 3. d4 Bg4 4. Bg2 Qd7 5. O-O h5 6. h4 e6 7. c4 Bxf3 8. Bxf3 dxc4 9. e3 Be7 10. Nd2 g5 11. hxg5 Bxg5 12. Nxc4 h4 13. Bxc6 Qxc6 14. Ne5 Qe4 15. Qf3 Qxf3 16. Nxf3 Be7 17. gxh4 Bxh4 18. Kg2 Be7 19. Bd2 Nf6 20. Rh1 O-O-O 21. Ne5 Ne4 22. Rxh8 Rxh8 23. Be1 f6 24. Nf3 Bd6 25. Nd2 Ng5 26. f4 Nf7 27. Bg3 f5 28. Rc1 Kd7 29. e4 Bb4 30. Nb3 fxe4 31. f5 1/2-1/2

[Event "Huddersfield 4NCL Open"]
[Site "Huddersfield"]
[Date "2025.01.18"]
[Round "2.11"]
[White "Hebden, Mark L"]
[Black "Ackley, Peter"]
[Result "1-0"]
[WhiteElo "2444"]
[BlackElo "2093"]
[PlyCount "53"]
[EventDate "2025.01.17"]
[EventType "swiss"]
[EventRounds "5"]
[EventCountry "ENG"]
[SourceTitle "BritBase"]
[Source "John Saunders"]
[SourceDate "2025.09.16"]
[SourceVersion "1"]
[SourceVersionDate "2025.09.16"]
[SourceQuality "1"]

1. d4 d6 2. e4 Nf6 3. Nc3 g6 4. Nf3 Bg7 5. Be3 c6 6. h3 O-O 7. Qd2 Qc7 8. a4 Nbd7 9. Bd3 b6 10. O-O a6 11. Ne2 Bb7 12. Ng3 c5 13. c3 c4 14. Bc2 e5 15. Bh6 Rfe8 16. Rfe1 Bh8 17. Ng5 Bg7 18. Bxg7 Kxg7 19. f4 exd4 20. cxd4 Rac8 21. Ra3 h6 22. Nf3 b5 23. a5 Re7 24. e5 dxe5 25. fxe5 Nd5 26. Nh4 Re6 27. Rf3 1-0

[Event "Huddersfield 4NCL Open"]
[Site "Huddersfield"]
[Date "2025.01.18"]
[Round "2.13"]
[White "Sanada, Tetsuaki"]
[Black "Boswell, Jacob Connor"]
[Result "1/2-1/2"]
[WhiteElo "2058"]
[BlackElo "2335"]
[PlyCount "97"]
[EventDate "2025.01.17"]
[EventType "swiss"]
[EventRounds "5"]
[EventCountry "ENG"]
[SourceTitle "BritBase"]
[Source "John Saunders"]
[SourceDate "2025.09.16"]
[SourceVersion "1"]
[SourceVersionDate "2025.09.16"]
[SourceQuality "1"]

1. d4 Nf6 2. Nf3 g6 3. c4 Bg7 4. g3 O-O 5. Bg2 d6 6. O-O Nbd7 7. Nc3 e5 8. e4 exd4 9. Nxd4 Re8 10. Re1 Nc5 11. h3 Bd7 12. Bf4 h6 13. b4 Ne6 14. Nxe6 Bxe6 15. Qd3 Nd7 16. Rad1 Ne5 17. Bxe5 dxe5 18. Qe2 Qc8 19. Kh2 a5 20. b5 c6 21. Na4 Qc7 22. Nc5 Bc8 23. Qe3 Qb6 24. Nd7 Qxe3 25. Rxe3 cxb5 26. cxb5 a4 27. Bf1 a3 28. Nb6 Ra7 29. Nd5 Be6 30. Nc7 Re7 31. Nxe6 Rxe6 32. Rd7 Bf8 33. Rf3 Ra4 34. Rfxf7 b6 35. Rc7 Rxe4 36. Rfd7 Rf6 37. f4 exf4 38. Bc4+ Rxc4 39. Rxc4 f3 40. Rf4 Rxf4 41. gxf4 Bc5 42. Kg3 f2 43. Kg2 Kf8 44. Kf1 h5 45. Ke2 Be3 46. Rd1 Bc5 47. Rd7 Be3 48. Rd1 Bc5 49. Rd7 1/2-1/2

[Event "Huddersfield 4NCL Open"]
[Site "Huddersfield"]
[Date "2025.01.18"]
[Round "2.14"]
[White "Sasikumar, Srivathsan"]
[Black "Nakara, Husain"]
[Result "0-1"]
[WhiteElo "2047"]
[BlackElo "2283"]
[PlyCount "102"]
[EventDate "2025.01.17"]
[EventType "swiss"]
[EventRounds "5"]
[EventCountry "ENG"]
[SourceTitle "BritBase"]
[Source "John Saunders"]
[SourceDate "2025.09.16"]
[SourceVersion "1"]
[SourceVersionDate "2025.09.16"]
[SourceQuality "1"]

1. e4 e5 2. Nc3 Nf6 3. f4 d5 4. fxe5 Nxe4 5. Qf3 f5 6. d3 Nxc3 7. bxc3 d4 8. Qg3 Nc6 9. Be2 Be6 10. Bf3 Qd7 11. Ne2 Bc5 12. O-O dxc3+ 13. Kh1 O-O-O 14. Rd1 Nd4 15. Nxd4 Bxd4 16. a4 Bd5 17. Re1 Rde8 18. Rb1 Qc6 19. Bxd5 Qxd5 20. Bf4 Rhg8 21. Qh3 Qe6 22. Qf3 c6 23. h4 h6 24. h5 Qe7 25. Qh3 Rgf8 26. Qg3 Qf7 27. Qh3 Qa2 28. Qg3 Rf7 29. Qg6 Qe6 30. Qg3 Rfe7 31. a5 Qf7 32. Qh2 Qd5 33. Qh3 Qxa5 34. Qxf5+ Re6 35. Re4 c5 36. Ree1 Qa4 37. Ra1 Qxc2 38. Rxa7 Qf2 39. Rea1 Qh4+ 40. Bh2 Bxe5 41. Ra8+ Kc7 42. g3 Qf6 43. g4 Qxf5 44. gxf5 Rxa8 45. Rxa8 Re7 46. Ra3 Bxh2 47. Kxh2 Re5 48. Kg3 Re3+ 49. Kf4 Rxd3 50. Ke5 c2 51. Ra1 Rd1 0-1

[Event "Huddersfield 4NCL Open"]
[Site "Huddersfield"]
[Date "2025.01.18"]
[Round "2.15"]
[White "Doran, Chris"]
[Black "Southcott-Moyers, Indy"]
[Result "0-1"]
[WhiteElo "2045"]
[BlackElo "2280"]
[PlyCount "118"]
[EventDate "2025.01.17"]
[EventType "swiss"]
[EventRounds "5"]
[EventCountry "ENG"]
[SourceTitle "BritBase"]
[Source "John Saunders"]
[SourceDate "2025.09.16"]
[SourceVersion "1"]
[SourceVersionDate "2025.09.16"]
[SourceQuality "1"]

1. e4 c6 2. d4 d5 3. e5 c5 4. dxc5 e6 5. Bd3 Nd7 6. Bf4 Bxc5 7. Qg4 Ne7 8. Nf3 Ng6 9. Bxg6 hxg6 10. O-O b6 11. Nc3 a6 12. a3 Bb7 13. Rfe1 Rc8 14. Ne2 Be7 15. Ned4 Nc5 16. Ng5 Qd7 17. f3 Bxg5 18. Bxg5 Na4 19. Rab1 a5 20. Be3 Ba6 21. Qg3 Qc7 22. Qg4 Qd7 23. Qg3 b5 24. Bf2 b4 25. axb4 axb4 26. f4 Nc5 27. f5 Rh6 28. Be3 gxf5 29. Qxg7 Rg6 30. Qh8+ Ke7 31. Bg5+ Rxg5 32. Qf6+ Ke8 33. Qxg5 Ne4 34. Qe3 Rc4 35. Ra1 Qb7 36. Ra2 f4 37. Qxf4 Rxd4 38. h3 Rc4 39. Qe3 Rxc2 40. Rea1 Rc6 41. Kh2 Qc8 42. Qh6 Bb7 43. Qh8+ Ke7 44. Qh4+ Kd7 45. Ra7 Rc7 46. Qe1 Qh8 47. Qxb4 Qxe5+ 48. Kg1 Nd6 49. Qb6 d4 50. Qa5 Qe4 51. Qg5 Rc2 52. Rxb7+ Qxb7 53. Qg8 Qc7 54. Qg5 d3 55. Rd1 Qc4 56. Qe3 Qd5 57. Qa7+ Kd8 58. Qb8+ Ke7 59. Qa7+ Kf8 0-1

[Event "Huddersfield 4NCL Open"]
[Site "Huddersfield"]
[Date "2025.01.18"]
[Round "2.16"]
[White "Elgar, Tim"]
[Black "Hariharan, Shambavi"]
[Result "1/2-1/2"]
[WhiteElo "2139"]
[BlackElo "2036"]
[PlyCount "72"]
[EventDate "2025.01.17"]
[EventType "swiss"]
[EventRounds "5"]
[EventCountry "ENG"]
[SourceTitle "BritBase"]
[Source "John Saunders"]
[SourceDate "2025.09.16"]
[SourceVersion "1"]
[SourceVersionDate "2025.09.16"]
[SourceQuality "1"]

1. Nf3 d5 2. g3 g6 3. Bg2 Bg7 4. O-O e5 5. d3 Ne7 6. c4 O-O 7. cxd5 Nxd5 8. Nc3 c6 9. Bd2 h6 10. Rb1 Be6 11. a3 Nd7 12. b4 Rc8 13. Qc2 Re8 14. Rfc1 b6 15. Qb2 Qe7 16. Rc2 Nxc3 17. Bxc3 Qd6 18. Nd2 Bd5 19. e4 Be6 20. Nc4 Qb8 21. Rbc1 c5 22. Ne3 cxb4 23. axb4 Qd6 24. Rd2 Rc7 25. Nc4 Qe7 26. Rcd1 Rec8 27. Bxe5 Nxe5 28. Nxe5 Bg4 29. f3 Bxe5 30. d4 Bxd4+ 31. Qxd4 Be6 32. Bf1 Bc4 33. Bh3 Be6 34. Bf1 Bc4 35. Bh3 Be6 36. Bf1 Bc4 1/2-1/2

[Event "Huddersfield 4NCL Open"]
[Site "Huddersfield"]
[Date "2025.01.18"]
[Round "2.17"]
[White "Peart, Alan"]
[Black "Gunarathne, Senith"]
[Result "1-0"]
[WhiteElo "2125"]
[BlackElo "1922"]
[PlyCount "95"]
[EventDate "2025.01.17"]
[EventType "swiss"]
[EventRounds "5"]
[EventCountry "ENG"]
[SourceTitle "BritBase"]
[Source "John Saunders"]
[SourceDate "2025.09.16"]
[SourceVersion "1"]
[SourceVersionDate "2025.09.16"]
[SourceQuality "1"]

1. e4 c5 2. c3 Nf6 3. d3 Nc6 4. f4 e5 5. Nf3 d6 6. Be2 g6 7. O-O Bg7 8. fxe5 dxe5 9. Be3 Qe7 10. Kh1 O-O 11. Nbd2 Ng4 12. Bg1 f5 13. Qb3+ Be6 14. Qb5 Qc7 15. Ng5 Nd8 16. Bxg4 fxg4 17. Bxc5 a6 18. Rxf8+ Bxf8 19. Qe8 Qxc5 20. Nxe6 Qe7 21. Qxf8+ Qxf8 22. Nxf8 Kxf8 23. Rf1+ Ke7 24. Nc4 Nc6 25. Ne3 h5 26. Nd5+ Kd6 27. Rf6+ Kc5 28. b4+ Nxb4 29. Nxb4 Kb5 30. Nd5 Ra7 31. Kg1 Ka4 32. Rb6 Ka3 33. Kf2 Kxa2 34. Ke2 a5 35. Kd2 Ra8 36. Rxb7 a4 37. c4 Rf8 38. Ke2 h4 39. c5 g3 40. hxg3 hxg3 41. c6 Rf2+ 42. Ke3 Rxg2 43. c7 Rc2 44. Nb4+ Kb2 45. Nxc2+ Kc1 46. c8=Q g2 47. Nd4+ Kd1 48. Rb1# 1-0

[Event "Huddersfield 4NCL Open"]
[Site "Huddersfield"]
[Date "2025.01.18"]
[Round "2.18"]
[White "Wedge, David C"]
[Black "Pilley, Jack"]
[Result "0-1"]
[WhiteElo "1899"]
[BlackElo "2115"]
[PlyCount "54"]
[EventDate "2025.01.17"]
[EventType "swiss"]
[EventRounds "5"]
[EventCountry "ENG"]
[SourceTitle "BritBase"]
[Source "John Saunders"]
[SourceDate "2025.09.16"]
[SourceVersion "1"]
[SourceVersionDate "2025.09.16"]
[SourceQuality "1"]

1. e4 c6 2. d4 d5 3. Nd2 dxe4 4. Nxe4 Nf6 5. Nxf6+ exf6 6. c3 g6 7. Bd3 Bg7 8. Ne2 O-O 9. Be3 Nd7 10. Qd2 Re8 11. O-O-O b5 12. h4 Nf8 13. h5 a5 14. hxg6 fxg6 15. Bh6 Bxh6 16. Rxh6 Be6 17. Nf4 Bf7 18. Rdh1 Qd6 19. Nxg6 Bxg6 20. Bxg6 hxg6 21. Rh8+ Kg7 22. Qh6+ Kf7 23. Rh7+ Nxh7 24. Qxh7+ Ke6 25. g4 Qf4+ 26. Kc2 Qe4+ 27. Kc1 Rh8 0-1